000 00444nam a2200169Ia 4500
008 180921t2014 xxu||||| |||| 00| 0 sin d
041 _asin
080 _a8-31
_bSIR
245 _aදෛවයේ අසිපත
246 _aDaiwaye Asipatha
260 _bAshirwada Prakashakayo
_aMeerigama
_c2014
300 _a248p, 21cm
700 _aSiriwardhana,Kumara
_etr.
942 _cBK
999 _c11296
_d11296
003 LK-CoDNM
040 _aLK-CoDNM
_dLK-CoDNM
_eLK-CoDNM